000 00223nam a22000857a 4500
008 160912b xxu||||| |||| 00| 0 eng d
100 _9366
_aNCERT
245 _aCurriculum Syllabus and Text Books
260 _aNew Delhi
_bNCERT
_c2006
999 _c3025
_d3025